00582nam a2200157Ia 4500008004100000020001800041082002100059100003400080245004400114260004900158300001100207440004300218650005100261952009500312999001700407120622s9999 xx 000 0 und d a968-29-1059-5 a086.1 L471s v.65 aPacheco, José Emilio, 1939- aMorirás lejos / José Emilio Pacheco aMéxico : Joaquín Mortíz ; SEP, Cultura a159 p. aLecturas mexicanas. Segunda serie ; 65 a1. NOVELA MEXICANA \ 2. LITERATURA MEXICANAÌ 00104070a01b01d2007-01-25l0o086.1 L471S V.65p01 001615r2012-06-24w2012-06-24yLB c56301d56301